000 00851nam a2200265Ia 4500
003 OSt
005 20220926005423.0
006 a|||||r|||| 00| 0
007 ta
008 220923b |||||||| |||| 00| 0 eng d
020 _a8170030609
037 _cGeneral Book
040 _aRTL
_cRTL
_beng
041 _2eng
_aeng
082 _aY:5:5(Y).213.N8, M6
100 _aRao N Baskara, and others
_9310268
245 0 _aDeterminants of fertility decline
_b A study of rural karnataka
260 _a New Delhi
_bSouth Asian Publishers
_c1986
300 _aix, 192p
_ccm.
490 _aInsitute for Social and Economic Change Publication
500 _aBibliography: p 186-189; Appendix: p 185
650 _aDemography
942 _hY:5:5(Y).213.N8, M6
_cGB
_2CC
999 _c613781
_d613781